[Event "Plzen, JF B"]
[Site "?"]
[Date "1999.??.??"]
[Round "9.16"]
[White "Petera, L."]
[Black "Fastova, K."]
[Result "0-1"]
[WhiteElo "1324"]
[BlackElo "1255"]
[PlyCount "84"]
[EventDate "1999.??.??"]
[Source "ChessBase"]
[SourceDate "1996.11.15"]

1. e4 e5 2. Nf3 d6 3. Bc4 c6 4. Bb3 Be7 5. c3 Nf6 6. d3 O-O 7. O-O h6 8. Re1
Nbd7 9. Nbd2 b6 10. d4 Bb7 11. dxe5 dxe5 12. Nc4 Qc7 13. Qc2 c5 14. Bd2 b5 15.
Na3 c4 16. Nxb5 cxb3 17. Nxc7 bxc2 18. Nxa8 Bxa8 19. Rec1 Bxe4 20. Ne1 Rb8 21.
b4 Nb6 22. Nxc2 Rd8 23. Be1 Nfd5 24. a3 Nf4 25. Ne3 Ne2+ 26. Kh1 Nxc1 27. Rxc1
f5 28. c4 f4 29. c5 fxe3 30. cxb6 axb6 31. fxe3 Rd3 32. Rc8+ Kh7 33. Kg1 Rxe3
34. Bf2 Rxa3 35. Bxb6 Bxb4 36. Rc4 Ra4 37. Rc1 Bd2 38. Rd1 Bg5 39. Re1 Bf6 40.
Rd1 Rb4 41. Rd6 Rb2 42. g3 Rg2+ 0-1

[Event "Plzen, JF B"]
[Site "?"]
[Date "1999.??.??"]
[Round "9.17"]
[White "Bouska, M."]
[Black "Hruska, V."]
[Result "0-1"]
[WhiteElo "1250"]
[BlackElo "1275"]
[PlyCount "68"]
[EventDate "1999.??.??"]
[Source "ChessBase"]
[SourceDate "1996.11.15"]

1. e4 e5 2. Nf3 Nc6 3. Bc4 Bc5 4. d3 h6 5. Nc3 Nf6 6. Na4 Bb6 7. Nxb6 axb6 8.
d4 exd4 9. Nxd4 Ne5 10. Bb3 d6 11. h3 O-O 12. f3 Nh5 13. Be3 Nf6 14. Qd2 Kh7
15. O-O-O c5 16. Nb5 c4 17. Nxd6 cxb3 18. a3 Qc7 19. c3 Qc6 20. Qf2 Rd8 21. Nf5
Nd3+ 22. Rxd3 Rxd3 23. Nxg7 Rxe3 24. Qxe3 Kxg7 25. g4 Qc5 26. Qd2 b5 27. g5
hxg5 28. h4 g4 29. Qg5+ Qxg5+ 30. hxg5 Nh7 31. fxg4 Nxg5 32. e5 Be6 33. Rd1 Nf3
34. Rd6 Ra6 0-1

[Event "Plzen, JF B"]
[Site "?"]
[Date "1999.??.??"]
[Round "9.18"]
[White "Bauer, J."]
[Black "Cervinka, R."]
[Result "1-0"]
[WhiteElo "1575"]
[BlackElo "1444"]
[PlyCount "69"]
[EventDate "1999.??.??"]
[Source "ChessBase"]
[SourceDate "1996.11.15"]

1. d4 Nf6 2. c4 g6 3. Nc3 Bg7 4. e4 d6 5. Nf3 O-O 6. Be2 Nbd7 7. O-O e5 8. d5
Nc5 9. Qc2 Bg4 10. b4 Ncd7 11. Be3 b6 12. Na4 a5 13. a3 axb4 14. axb4 Bxf3 15.
Bxf3 Re8 16. c5 bxc5 17. bxc5 Qe7 18. c6 Nf8 19. Nc3 Reb8 20. Ba7 Re8 21. Rfb1
Qd8 22. Rb7 Qe7 23. Qb2 Rec8 24. Nb5 h5 25. Bb6 Rxa1+ 26. Qxa1 Ne8 27. Qa7 Qd8
28. Nxc7 Nxc7 29. Bxc7 Qg5 30. Qe3 Qf6 31. Be2 Nh7 32. Rb8 Rxb8 33. Bxb8 Qd8
34. c7 Qc8 35. Qa7 1-0

[Event "Plzen, JF B"]
[Site "?"]
[Date "1999.??.??"]
[Round "9.19"]
[White "Bim, T."]
[Black "Kracikova, K."]
[Result "1-0"]
[WhiteElo "1550"]
[BlackElo "1550"]
[PlyCount "49"]
[EventDate "1999.??.??"]
[Source "ChessBase"]
[SourceDate "1996.11.15"]

1. e4 e5 2. Nf3 Nc6 3. Bc4 Nf6 4. Nc3 g6 5. d3 Bg7 6. Be3 O-O 7. O-O a6 8. h3
b5 9. Bd5 Bb7 10. Nxe5 Qe7 11. Nxc6 dxc6 12. Bb3 Nd7 13. a3 c5 14. Nd5 Qe5 15.
f4 Qd6 16. e5 Nxe5 17. fxe5 Bxe5 18. Qf3 c6 19. Nc3 Qe7 20. Rae1 Bg7 21. Ne4
Bd4 22. Bxd4 cxd4 23. Nf6+ Qxf6 24. Qxf6 c5 25. Re7 1-0

[Event "Plzen, JF B"]
[Site "?"]
[Date "1999.??.??"]
[Round "9.20"]
[White "Smid, J."]
[Black "Rehak, M."]
[Result "1/2-1/2"]
[WhiteElo "1350"]
[BlackElo "1259"]
[PlyCount "52"]
[EventDate "1999.??.??"]
[Source "ChessBase"]
[SourceDate "1996.11.15"]

1. e4 e5 2. Nf3 Nc6 3. Bb5 a6 4. Bxc6 dxc6 5. d4 exd4 6. Qxd4 Qxd4 7. Nxd4 Bc5
8. Be3 Nf6 9. Nd2 O-O 10. O-O Bg4 11. f3 Bh5 12. g4 Bg6 13. h4 h6 14. h5 Bh7
15. Rad1 Rad8 16. c3 Rd7 17. b4 Bb6 18. N2b3 Bxd4 19. Bxd4 Rfd8 20. Bxf6 gxf6
21. Rxd7 Rxd7 22. Kf2 Kg7 23. Ke2 b6 24. Rd1 Rd6 25. a4 Kf8 26. a5 Ke7 1/2-1/2

[Event "Plzen, JF B"]
[Site "?"]
[Date "1999.??.??"]
[Round "9.21"]
[White "Konig, M."]
[Black "Kovar, J."]
[Result "0-1"]
[WhiteElo "1550"]
[BlackElo "1250"]
[PlyCount "80"]
[EventDate "1999.??.??"]
[Source "ChessBase"]
[SourceDate "1996.11.15"]

1. e4 e5 2. d4 exd4 3. c3 dxc3 4. Bc4 Qe7 5. Nxc3 Nc6 6. Nf3 d6 7. O-O Be6 8.
Bb3 Bxb3 9. axb3 O-O-O 10. Nb5 a6 11. Nc3 Nf6 12. Re1 d5 13. exd5 Qb4 14. Qc2
Nd4 15. Nxd4 Qxd4 16. Be3 Qh4 17. Qf5+ Kb8 18. Rad1 Bb4 19. h3 g6 20. Qe5 Rhe8
21. Bg5 Rxe5 22. Bxh4 Rxe1+ 23. Rxe1 Rd6 24. Kh2 Nxd5 25. Rc1 Nxc3 26. bxc3 Ba3
27. Re1 Rd3 28. f3 Rxc3 29. Bf2 b6 30. Rb1 Rc2 31. Bd4 c5 32. Bg7 Kb7 33. Kg1
b5 34. Kf1 a5 35. g3 Rh2 36. h4 Ka6 37. Bf6 a4 38. bxa4 bxa4 39. Kg1 Rc2 40.
Kf1 Rc1+ 0-1

[Event "Plzen, JF B"]
[Site "?"]
[Date "1999.??.??"]
[Round "9.22"]
[White "Franta, S."]
[Black "Simlova, K."]
[Result "1-0"]
[WhiteElo "1550"]
[BlackElo "1550"]
[PlyCount "97"]
[EventDate "1999.??.??"]
[Source "ChessBase"]
[SourceDate "1996.11.15"]

1. e4 e5 2. Nf3 Nc6 3. d4 exd4 4. Nxd4 Bc5 5. Be3 Bxd4 6. Bxd4 Nf6 7. Nc3 O-O
8. Qd3 Nb4 9. Qd2 Re8 10. Be2 d6 11. O-O-O Nxe4 12. Nxe4 Rxe4 13. Bf3 Rxd4 14.
Qxd4 Nxa2+ 15. Kb1 Be6 16. c3 Qg5 17. Bd5 c5 18. Qd2 Nxc3+ 19. bxc3 Bf5+ 20.
Kc1 Qe7 21. Rhe1 Qd7 22. Qe2 Qa4 23. f3 Qa1+ 24. Kd2 Qb2+ 25. Ke3 Re8+ 26. Be4
Qxc3+ 27. Rd3 Qe5 28. Kf2 Qxh2 29. Re3 Qh4+ 30. Kg1 Be6 31. Bf5 Qd4 32. Rd1 Qf6
33. Bh3 h6 34. Rxd6 Qf4 35. Bxe6 Qxd6 36. Bxf7+ Kxf7 37. Rxe8 Qd4+ 38. Kf1 Qa1+
39. Kf2 Qd4+ 40. Re3 g5 41. Qd3 a6 42. Qh7+ Qg7 43. Qxg7+ Kxg7 44. Re7+ Kf6 45.
Rxb7 Ke5 46. Ra7 Kd4 47. Rxa6 h5 48. Rg6 c4 49. Rxg5 1-0

[Event "Plzen, JF B"]
[Site "?"]
[Date "1999.??.??"]
[Round "9.23"]
[White "Tolar, J."]
[Black "Momotov, I."]
[Result "1-0"]
[WhiteElo "1350"]
[BlackElo "1350"]
[PlyCount "75"]
[EventDate "1999.??.??"]
[Source "ChessBase"]
[SourceDate "1996.11.15"]

1. e4 e5 2. Nf3 Nc6 3. Bb5 Nf6 4. O-O Nxe4 5. d4 d5 6. Nxe5 Qf6 7. f3 Ng5 8.
Bxg5 Qxg5 9. Nxc6 bxc6 10. Bxc6+ Bd7 11. Qe2+ Be7 12. Bxa8 O-O 13. Bb7 Rb8 14.
Re1 Rxb7 15. Qxe7 Qxe7 16. Rxe7 Rb8 17. Rxd7 h6 18. b3 Rb7 19. Rxd5 c6 20. Rd8+
Kh7 21. Nc3 Re7 22. d5 cxd5 23. Rxd5 f6 24. Na4 a6 25. Rc1 Re6 26. c4 g6 27.
Rcd1 g5 28. Rd7+ Kg6 29. R1d6 Re1+ 30. Kf2 Ra1 31. c5 Rxa2+ 32. Rd2 Ra3 33. c6
Rxb3 34. c7 Rb4 35. c8=Q Rxa4 36. g4 h5 37. Qg8+ Kh6 38. Rh7# 1-0

[Event "Plzen, JF B"]
[Site "?"]
[Date "1999.??.??"]
[Round "9.25"]
[White "Soral, D."]
[Black "Matousek, Lu"]
[Result "1-0"]
[WhiteElo "1550"]
[BlackElo "1350"]
[PlyCount "57"]
[EventDate "1999.??.??"]
[Source "ChessBase"]
[SourceDate "1996.11.15"]

1. e4 e5 2. Nf3 Nc6 3. Bb5 Bc5 4. Nxe5 Nxe5 5. d4 Bb4+ 6. c3 c6 7. cxb4 cxb5 8.
dxe5 Ne7 9. Nc3 Nc6 10. Nxb5 Nxe5 11. Qd4 Qe7 12. Nc7+ Kd8 13. Nxa8 b6 14. Qc3
Nc6 15. O-O Ba6 16. Re1 Re8 17. f3 Bb7 18. b5 Bxa8 19. bxc6 Bxc6 20. Qxg7 Qc5+
21. Be3 Qe7 22. Bd4 Bb5 23. Qxh7 Bd3 24. Rad1 Bc4 25. Qh6 Bxa2 26. Bf6 Qxf6 27.
Qxf6+ Re7 28. Qf4 Bb3 29. Qb8# 1-0

[Event "Plzen, JF B"]
[Site "?"]
[Date "1999.??.??"]
[Round "9.26"]
[White "Kracikova, L."]
[Black "Palkova, K."]
[Result "0-1"]
[WhiteElo "1350"]
[BlackElo "1350"]
[PlyCount "96"]
[EventDate "1999.??.??"]
[Source "ChessBase"]
[SourceDate "1996.11.15"]

1. e4 e5 2. Nc3 d6 3. Nf3 Be7 4. d3 Nf6 5. Be2 O-O 6. Nh4 Nc6 7. Be3 Be6 8. O-O
d5 9. Bf3 dxe4 10. Bxe4 Nxe4 11. dxe4 Bxh4 12. Nd5 Bxd5 13. exd5 Ne7 14. Qg4
Nxd5 15. Bh6 Bf6 16. Rad1 c6 17. Rd3 Qe7 18. Rf3 g6 19. h4 Bxh4 20. Rh3 Bf6 21.
Rh2 Qe6 22. Qg3 e4 23. Rh1 Qe5 24. f4 Qf5 25. Qh2 Qh5 26. Bxf8 Qxh2+ 27. Rxh2
Rxf8 28. c4 Ne3 29. Rc1 Bxb2 30. Re1 Nxc4 31. Rxe4 b5 32. g3 Ba3 33. Rhe2 Nd6
34. R4e3 Bc5 35. Kf2 Bxe3+ 36. Kxe3 Nf5+ 37. Kf3 Rd8 38. g4 Nd4+ 39. Kf2 Nxe2
40. Kxe2 c5 41. f5 c4 42. fxg6 hxg6 43. g5 c3 44. a4 c2 45. axb5 c1=Q 46. b6
Qc3 47. bxa7 Rd2+ 48. Ke1 Qc1# 0-1

[Event "Plzen, JF B"]
[Site "?"]
[Date "1999.??.??"]
[Round "9.27"]
[White "Matousek, Li"]
[Black "Karbusicky, O."]
[Result "0-1"]
[WhiteElo "1350"]
[BlackElo "1350"]
[PlyCount "62"]
[EventDate "1999.??.??"]
[Source "ChessBase"]
[SourceDate "1996.11.15"]

1. e4 e5 2. Nf3 Nc6 3. Bc4 Bc5 4. Nc3 Nf6 5. Ng5 O-O 6. Na4 Bb4 7. c3 Be7 8. b4
d6 9. b5 Na5 10. d4 Nxc4 11. O-O exd4 12. cxd4 Bg4 13. Qb3 Na5 14. Qb4 c5 15.
dxc5 dxc5 16. Nxc5 h6 17. Nxf7 Rxf7 18. Ba3 Rc8 19. Rac1 b6 20. h3 bxc5 21. Qe1
Be6 22. e5 Nd5 23. Qd1 Bxh3 24. Bb4 Bxg2 25. e6 Rxf2 26. Rxf2 Bh3 27. Bxa5 Qxa5
28. Rf7 Ne3 29. Qd7 Qc7 30. Qxe7 Qg3+ 31. Kh1 Qg2# 0-1